1544 1483 1240 1706 1117 1926 1366 1298 1924 1781 1837 1118 1001 1402 1228 1582 1769 1568 1221 1450 1586 1620 1204 1414 1001 1842 1879 1839 1969 1454 1455 1970 1100 1233 1813 1660 1057 1351 1197 1390 1961 1038 1191 1719 1116 1357 1208 1796 1866 1630 1712 1076 1569 1031 1193 1966 1654 1993 1881 1004 1884 1569 1689 1401 1393 1232 1320 1875 1737 1655 1328 1083 1624 1827 1788 1501 1194 1764 1434 1437 1194 1933 1979 1402 1714 1644 1677 1023 1803 1805 1683 1261 1375 1760 1188 1637 1867 1897 1376 BCNSPRNW ULIB Ver.6.0+V

เปลี่ยนเป็นภาษาไทย

Change to English
 แสดงรายละเอียดบรรณานุกรม
  กลับหน้าหลัก

Brief Record : Get Marc (ISO 2709) : E-mail record : QR code < ปิดหน้าต่าง
LEADER : 00000nam 2200000uu 4500
001    13399110706
003     ULIB
008    110607s2552||||th 000 0 tha d
020    9786165070010
060 04 WS103^bM111พ ล.3 2552
100 1  เมอร์คอฟฟ์, ไฮดิ อี.
245 10 พัฒนาการวัยเตาะแตะ.^nเล่มที่ 3,^pช่วงวัย 13 เดือน ถึง 36 เดือน :^bการดูแลเด็กวัยเตาะแตะขั้นพื้นฐาน = What to expect the toddler years /^cโดย: Heidi E. Murkoff, Arlene Eisenberg, Sandee E. Hathaway ; สดุดี พิมล, แปล
246 31 What to expect the toddler years
250    พิมพ์ครั้งที่ 1
260    กรุงเทพฯ :^bหมอชาวบ้าน,^c2552
300    326 หน้า :^bภาพประกอบ ;^c21 ซม.
440  0 ตำราเรียนรู้เรื่องคุณภาพชีวิตแม่และเด็ก
500    แปลจาก What to expect the toddler years
650  7 พัฒนาการของเด็ก
650  7 เด็ก^xการเจริญเติบโต
650  7 เด็ก^xการดูแล
700 1  Murkoff, Heidi E.
700 1  Eisenberg, Arlene
700 1  Hathaway, Sandee E.
700 0  สดุดี พิมล,^eผู้แปล
945    ^p250^l0^i027196
945    ^p250^l0^i027195
995    ทศพร
999 ^a ใช้งานได้ทุกระบบ
รายการนี้ยังไม่มีแท็ก
คุณยังไม่ได้ล็อกอิน คุณสามารถมีกิจกรรมร่วมกับเว็บไซต์ได้ แต่ต้องล็อกอินก่อน ::
  ล็อกอิน

รายการสื่อสารสนเทศ

ลำดับที่ ประเภท เลขเรียก/บาร์โค้ด สถานที่ สถานะ
- ไม่พบข้อมูล -

รายการใกล้เคียง
    ผู้แต่ง [เมอร์คอฟฟ์, ไฮดิ อี.]

    หัวเรื่อง [พัฒนาการของเด็ก]
    หัวเรื่อง [เด็ก การดูแล]

BibComment


ยังไม่เคยถูกคอมเมนท์

คอมเมนท์ทรัพยากรรายการนี้
  คอมเมนท์: พัฒนาการวัยเตาะแต..


 Copyright 2026. Bcnsprnw @Library